| 000 | 00718cam a22002291 4500 | ||
|---|---|---|---|
| 001 | ca 34000225 | ||
| 003 | DLC | ||
| 005 | 20260227111130.0 | ||
| 008 | 770912s1933 nyu 000 0 eng | ||
| 010 | _aca 34000225 | ||
| 035 | _a(OCoLC)3258625 | ||
| 040 |
_aDLC _cOC _dOCoLC _dDLC |
||
| 042 | _apremarc | ||
| 050 | 0 | 0 |
_aHF5686.R8 _bR8 1933 |
| 082 | _a678 | ||
| 110 | 2 | _aRubber Manufacturers Association (U.S.) | |
| 245 | 1 | 0 |
_aUniform accounting manual for the rubber manufacturing industry. _cRev. December 1, 1933. |
| 260 |
_aNew York city, _bThe Rubber manufacturers association inc., _cc1933. |
||
| 300 |
_a[172] p. _c29 cm. |
||
| 500 | _aVarious pagings. | ||
| 650 | 0 |
_aRubber industry and trade _xAccounting. |
|
| 999 |
_c17254 _d17254 |
||